Noms d'animes (à remplir) #2 - Statistiques

Statistiques générales
  • Ce quiz a été pris 330 fois
    266 depuis la dernière actualisation
  • Le résultat moyen est 16 sur 35
Statistiques - réponses
Studio Reponse % Correct
- Jujutsu {Kaisen}
93%
- Chain{saw} man
89%
J. C. Staff Food {Wars}
88%
- Le Château {ambulant}
86%
- Mon voisin {Totoro}
83%
- Le vent {se} lève
81%
- Princesse {Mononoké}
79%
- Le Voyage {de} {Chihiro}
78%
- Le Château dans le {ciel}
77%
- Kiki {la} {petite} {sorcière}
70%
- Yuri {on} {Ice}
64%
- Banana {Fish}
61%
- Ponyo sur la {Falaise}
53%
- Porco {Rosso}
53%
- {Gambling} {School} (Kakegurui)
52%
Gainax & Tatsunoko Neon {Genesis} {Evangelion}
48%
- Tora{dora}
48%
- The God of {High} {School}
44%
Ghibli (Hayao Miyazaki) {Nausica}ä de la Vallée du Vent
43%
ufotable {Fate}/Zero
38%
MAPPA Terror in {Resonance}
37%
- Dorohe{doro}
35%
Gainax (Tengen Toppa) Gurren {Lagann}
34%
Studio Deen, puis J. C. Staff Ko{noSu}ba (...rashii sekai ni...)
30%
- Le {Château} de Cagliostro
28%
(+ Tezuka Productions) Do{roro}
26%
- Fate/{stay} {night} : UBW
25%
- Les Enfants {de} {la} {baleine}
20%
- {God} Eater
15%
- {Zombie} Land Saga
15%
- Tales of Zestiria The {X}
14%
- Shakugan no {Shana}
11%
- The Garden of {Sinners}
7%
- {Ya}suke
7%
(+ Lapin Track) Saraz{anmai}
4%
Aucun quiz correspondant
Distribution des résultats
% des personnes avec chaque résultat
Percentile par nombre de réponses
Votre historique - résultats
Vous n’avez pas pris ce quiz depuis la dernière actualisation